Music Quiz

Random Music or Album Quiz

Billy Joel Albums Quiz Stats

 Plays Quiz Updated Feb 7, 2020

Support Sporcle.
Go Orange.
Score 0/13 Timer 05:00
0 Plays Today
Year Album % Correct
1973Piano Man
86.9%
1977The Stranger
77.9%
1980Glass Houses
66.8%
1993River of Dreams
66.1%
197852nd Street
59.8%
1976Turnstiles
51.7%
1983An Innocent Man
51.4%
1989Storm Front
51.3%
1971Cold Spring Harbor
48.5%
1982The Nylon Curtain
44.7%
1986The Bridge
38.6%
1974Streetlife Serenade
36.1%
2001Fantasies & Delusions
20.7%

From the Vault

Diagon Alley Apparition Race

by bhenderson79

Don't take a wrong turn or you might find yourself in Knockturn Alley.
Remove Ads.
Support Sporcle.
Get the best of Sporcle when you Go Orange. This ad-free experience offers more features, more stats, and more fun while also helping to support Sporcle. Thank you for becoming a member.

Show Comments

Extras

Top Quizzes Today


Score Distribution

Your Account Isn't Verified!

In order to create a playlist on Sporcle, you need to verify the email address you used during registration. Go to your Sporcle Settings to finish the process.

Report this User

Report this user for behavior that violates our Community Guidelines.

Details: